| 000 | 02133cam a22004934i 4500 | ||
|---|---|---|---|
| 001 | u39227 | ||
| 003 | PE-LiUPU | ||
| 005 | 20250731173327.0 | ||
| 008 | 150710s1996 ag r 000 0 spa d | ||
| 020 | _a1575540363 | ||
| 035 | _a(Sirsi) i9781575540368 | ||
| 040 |
_aPE-LiUPU _bspa _cPE-LiUPU _erda |
||
| 049 | _aPRUA | ||
| 082 | 0 | 4 |
_a286.7325 _bTPI _221 |
| 100 | 1 |
_aWhite, Elena G. de, _d1827-1915, _eautor. |
|
| 245 | 1 | 0 |
_aTestimonios para la iglesia : _bcontiene los testimonios no 15 al no 20.2 / _cElena G. de White. |
| 264 | 1 |
_aFlorida : _bInteramericana, _c1996. |
|
| 300 |
_a672 páginas ; _c15 centímetros |
||
| 336 |
_atext _2rdacontent |
||
| 337 |
_aunmediated _2rdamedia |
||
| 338 |
_avolume _2rdacarrier |
||
| 505 | 0 | _aTestimonio No 15 (1868) -- Testimonio No 16 (1868) -- Testimonio No 17 (1869) -- Testimonio No 18 (1870) -- Testimonio No 19 (1870) -- Testimonio No 20 (1871).. | |
| 526 | _aSEG42 | ||
| 526 | _aSEG41 | ||
| 526 | _aSEG40 | ||
| 526 | _aSEG39 | ||
| 526 | _aP94 | ||
| 526 | _aP87 | ||
| 526 | _aP86 | ||
| 526 | _aP85 | ||
| 526 | _aP77 | ||
| 526 | _aP76 | ||
| 526 | _aP35 | ||
| 541 | _g001-000386; | ||
| 596 | _a1 2 | ||
| 610 | 2 |
_aIASD _xDoctrinas. |
|
| 650 | 0 | 4 |
_aAdventistas del séptimo día _xDoctrinas. |
| 942 |
_2ddc _cBOOK |
||
| 949 |
_a286.7325 TPI 2 _wDEWEY _c1 _i58713 _d2017-10-19 _e2017-10-16 _f2018-2-7 _g2 _lCCODEBUL1 _mBUL _n1 _p22.00 _r0 _sY _tBOOK _u2015-7-10 _xTEOLOGIA _PP35 _0COMPRA _o.STAFF. Colección Teología |
||
| 949 |
_aW286.7325 TI T2 1996 _wDEWEY _c1 _iFT01901 _lCCODEBUT1 _mBUT _p5.00 _r0 _sY _tBOOK _u2016-11-4 _xUNKNOWN _zUNKNOWN _0DONACION _o.STAFF. Colección General |
||
| 999 |
_a286.7325 TPI 2 _wDEWEY _c47587 _i58713 _d47587 _e2019-10-21 _f2021-11-11 _g5 _lCCODEBUL1 _mBUL _n2 _p22.00 _q3 _r0 _sY _tBOOK _u2015-7-10 _xTEOLOGIA _PP35 _0COMPRA _o.STAFF. Colección Teología |
||
| 999 |
_aW286.7325 TI T2 1996 _wDEWEY _c1 _iFT01901 _f2019-2-20 _g2 _lCCODEBUT1 _mBUT _p5.00 _r0 _sY _tBOOK _u2016-11-4 _xUNKNOWN _zUNKNOWN _0DONACION _o.STAFF. Colección General |
||
| 980 |
_81 _gALBERTO SANCHEZ Responsable de Automatización |
||